[Event "Collado Villalba op 40th"]
[Site "Collado Villalba"]
[Date "2023.08.23"]
[Round "2"]
[White "Mochon Bernal, Jorge"]
[Black "Ezcurra Garzo, Adrian"]
[Result "0-1"]
[WhiteElo "1608"]
[BlackElo "1282"]
[PlyCount "50"]
[EventDate "2023.08.22"]
[EventType "swiss"]
[EventRounds "9"]
[EventCountry "ESP"]
[SourceTitle "EXT 2024"]
[Source "ChessBase"]
[SourceDate "2023.10.10"]
[SourceVersion "1"]
[SourceVersionDate "2023.10.10"]
[SourceQuality "1"]

1. e4 e5 2. Nf3 Nc6 3. d4 exd4 4. Nxd4 Nf6 5. Nxc6 bxc6 6. e5 Qe7 7. Qe2 Nd5 8. c4 Ba6 9. Qe4 Nb4 10. a3 d5 11. cxd5 cxd5 12. Qf5 g6 13. Qf4 Nc2+ 14. Kd1 Bxf1 15. Rxf1 Nxa1 16. Qg4 h5 17. Qh3 Qe6 18. Qd3 Qg4+ 19. f3 Qc4 20. Qxc4 dxc4 21. b4 cxb3 22. Bb2 0-0-0+ 23. Kc1 Nc2 24. Nc3 Bxa3 25. Bxa3 Nxa3 0-1

[Event "ESP-ch U10"]
[Site "Salobrena"]
[Date "2023.07.07"]
[Round "7"]
[White "Ezcurra Garzo, Adrian"]
[Black "Veiga Macias, Rodrigo"]
[Result "1/2-1/2"]
[WhiteElo "1310"]
[BlackElo "1119"]
[PlyCount "72"]
[EventDate "2023.07.03"]
[EventType "swiss"]
[EventRounds "9"]
[EventCountry "ESP"]
[SourceTitle "EXT 2024"]
[Source "ChessBase"]
[SourceDate "2023.10.10"]
[SourceVersion "1"]
[SourceVersionDate "2023.10.10"]
[SourceQuality "1"]

1. d4 Nf6 2. c4 e6 3. Nf3 d5 4. Nc3 dxc4 5. e3 c5 6. dxc5 Qxd1+ 7. Kxd1 Bxc5 8. Bxc4 Nc6 9. a3 0-0 10. b4 Rd8+ 11. Ke2 Bb6 12. Bb2 Bc7 13. Rhd1 Rxd1 14. Rxd1 a6 15. Nd4 Nxd4+ 16. Rxd4 b5 17. Bd3 Bb7 18. Ne4 Be5 19. Nxf6+ Bxf6 20. Rd7 Bxb2 21. Rxb7 Bxa3 22. Be4 f5 23. Bf3 e5 24. Bd5+ Kh8 25. Rxb5 axb5 26. Bxa8 Bxb4 27. Bc6 g6 28. Bxb5 Kg7 29. e4 Kf6 30. f3 fxe4 31. fxe4 Kg5 32. Kf3 Bc5 33. Bc4 h5 34. Bf7 Kh6 35. h3 Be7 36. g4 h4 1/2-1/2

[Event "ESP-ch U10"]
[Site "Salobrena"]
[Date "2023.07.05"]
[Round "5"]
[White "Ezcurra Garzo, Adrian"]
[Black "Garcia Nunez, Helena"]
[Result "1-0"]
[WhiteElo "1310"]
[BlackElo "1007"]
[PlyCount "139"]
[EventDate "2023.07.03"]
[EventType "swiss"]
[EventRounds "9"]
[EventCountry "ESP"]
[SourceTitle "EXT 2024"]
[Source "ChessBase"]
[SourceDate "2023.10.10"]
[SourceVersion "1"]
[SourceVersionDate "2023.10.10"]
[SourceQuality "1"]

1. d4 d5 2. c4 Nc6 3. cxd5 Qxd5 4. Nf3 e5 5. dxe5 Qxd1+ 6. Kxd1 Bg4 7. Nbd2 Bc5 8. Ne4 0-0-0+ 9. Bd2 Nge7 10. Nxc5 Ng6 11. h3 Bxf3 12. exf3 Ngxe5 13. f4 Ng6 14. g3 Rd5 15. Nb3 Rhd8 16. Bg2 R5d6 17. Rc1 Nb4 18. Ke2 Re8+ 19. Kf1 Nd3 20. Rb1 Rde6 21. Nd4 R6e7 22. Nf5 Re2 23. Be3 Rc2 24. Nxg7 Rd8 25. Be4 c5 26. Bxd3 Rxd3 27. Rc1 Rxc1+ 28. Bxc1 Rd1+ 29. Kg2 Rd8 30. Be3 b6 31. Rc1 Rd5 32. b4 Kb7 33. bxc5 bxc5 34. Rxc5 Rd8 35. Rb5+ Ka6 36. Rb3 Ra8 37. Ra3+ Kb7 38. Nf5 a6 39. Nd6+ Kc7 40. Nb5+ Kb7 41. Nd6+ Kc7 42. Nxf7 Kb7 43. f5 Ne7 44. f6 Ng8 45. Nd6+ Kc7 46. Bf4 Kd7 47. f7 Ne7 48. Rxa6 Rf8 49. Bh6 Ng6 50. Bxf8 Nxf8 51. Ra8 Ke7 52. a4 Nd7 53. f8Q+ Nxf8 54. Rxf8 Kxd6 55. a5 Kc6 56. a6 Kb6 57. Rf6+ Ka7 58. f4 Ka8 59. Rb6 Ka7 60. Rb7+ Kxa6 61. Rxh7 Kb6 62. f5 Kc6 63. f6 Kd6 64. f7 Kd5 65. f8Q Ke4 66. Re7+ Kd4 67. Qd8+ Kc4 68. Rc7+ Kb4 69. Qb8+ Ka4 70. Ra7# 1-0

[Event "ESP-ch U10"]
[Site "Salobrena"]
[Date "2023.07.05"]
[Round "4"]
[White "Perez Monakhov, Andres"]
[Black "Ezcurra Garzo, Adrian"]
[Result "1-0"]
[WhiteElo "1606"]
[BlackElo "1310"]
[PlyCount "91"]
[EventDate "2023.07.03"]
[EventType "swiss"]
[EventRounds "9"]
[EventCountry "ESP"]
[SourceTitle "EXT 2024"]
[Source "ChessBase"]
[SourceDate "2023.10.10"]
[SourceVersion "1"]
[SourceVersionDate "2023.10.10"]
[SourceQuality "1"]

1. Nf3 d5 2. c4 c6 3. e3 Nf6 4. Nc3 Nbd7 5. d4 dxc4 6. Bxc4 e6 7. 0-0 c5 8. a3 a6 9. a4 Be7 10. Qe2 0-0 11. Rd1 Qc7 12. Bb3 b6 13. Bc2 Bb7 14. e4 cxd4 15. Nxd4 Rfd8 16. Bg5 e5 17. Nf5 Bf8 18. Rac1 Rac8 19. Nd5 Nxd5 20. exd5 f6 21. d6 Qc6 22. Bb3+ Qd5 23. Bxd5+ Bxd5 24. Rxd5 Rxc1+ 25. Bxc1 Nc5 26. Ne7+ Kh8 27. Qd1 Rd7 28. b4 Ne6 29. Be3 h6 30. Ng6+ Kg8 31. Nxf8 Kxf8 32. Qc2 Kf7 33. h3 Nf8 34. Bxb6 h5 35. b5 axb5 36. axb5 g5 37. Bc7 g4 38. hxg4 hxg4 39. b6 g3 40. b7 gxf2+ 41. Qxf2 e4 42. b8Q e3 43. Qxe3 Rxc7 44. Qxc7+ Kg6 45. Qe8+ Kh6 46. Rh5# 1-0